00242nam a2200097Ia 4500008004100000100002000041245005000061260000900111942000700120999001700127190216s9999||||xx |||||||||||||| ||und|| aVettam Mani M A 0aKerala Basha Sahithya Charithram Preshnothary bNull cBK c25022d25022